000 00899nam a22002657a 4500
001 284
003 BD-RjUL
005 20211208233141.0
008 131117r2001 us |||| |||| 001 0 eng d
020 _a8173192715
035 _a(BD-RjUL)301
040 _aBD-RjUL
_beng
_cBD-RjUL
_dBD-RjUL
041 _aeng
082 0 4 _221
_a005.1
_bJAI 2001
100 1 _aJalote, Pankaj
_9921
245 1 3 _aAn integrated approach to software engineering /
_cPankaj Jalote
250 _a2nd ed.
260 _aNew Delhi ;
_amadras :
_bNarosa publishing house,
_cc1997 [reprented2001].
300 _axiv, 497 p. :
_bill. ;
_c22 cm.
504 _aInclude index.[489-497]
526 _bComputer Science
650 7 _2SLSH
_aSoftware engineering.
_9922
856 _3World Cat details
_uhttp://www.worldcat.org/title/integrated-approach-to-software-engineering/oclc/262677574&referer=brief_results
942 _2ddc
_cBK
999 _c284
_d284